First Five: Religion Quiz Stats

Quiz Updated Jan 24, 2018

Challenge
Share
Tweet
Embed
Score 0/30 Timer 06:00
11 Plays Today
% Correct
Genesis
96%
Exodus
86.8%
Adam (Genesis 2:20)
86.4%
Eve (Genesis 3:20)
86%
Earth, seas and Vegetation
79.8%
Abel (Genesis 4:2)
77%
Cain (Genesis 4:1)
76.4%
Leviticus
75.4%
Numbers
75.4%
Flies or Wild Animals
72.9%
Deuteronomy
72.4%
Water into Blood
72.2%
Light
67.3%
Frogs
59.1%
Apollo
53%
% Correct
Heaven
50.8%
Sun, Moon and stars
50%
Birds and Sea life
35.5%
Juno
24.9%
Diana
24.1%
Diseased Livestock
22.6%
Bacchus
21.8%
Lice
21%
Ceres
17.3%
Enoch (Genesis 4:17)
7.3%
The Calf
6.1%
The Table Spread with Food
5.1%
The Women
3.8%
The Opening
3.3%
The Family of 'Imran
2.8%

You're not logged in!

Compare scores with friends on all Sporcle quizzes.
Sign Up with Email
OR
Log In

You Might Also Like...

Show Comments

Extras

Top Quizzes Today


Score Distribution

Your Account Isn't Verified!

In order to create a playlist on Sporcle, you need to verify the email address you used during registration. Go to your Sporcle Settings to finish the process.

Report this User

Report this user for behavior that violates our Community Guidelines.

Details: